zpět

Detail výsledku týmu

S-bar PO, Kroměříž

Datum a čas kvízu

32.5 Celkem bodů Celkový počet nahraných bodů na tomto kvízu bez doplňovacích otázek.
1. Pořadí na kvízu Konečné umístění týmu na tomto kvízu.

Zaznamenané odpovědi

# Otázka Odpověď Body Výsledky
1. V úterý, v den jarní rovnodenn... 0
2. Dánsko chce na hranicích s Něm... 1
3. Kdo poslouchal dne 21. března... 1
4. Majitelé účtů v České spořitel... 1
5. V minulých dnech bylo rozhodnu... 1
6. Budeme se zabývat slovy, která... 0
7. Bezpečnostní informační služba... 0
8. Který známý japonský spisovate... 1
9. Logo které mezinárodní organiz... 1
10. Jak se jmenuje zřícenina hradu... 1